| 000 | 00977nam a2200193Ia 4500 | ||
|---|---|---|---|
| 999 |
_c44618 _d44618 |
||
| 001 | 11421 | ||
| 003 | GE_BSU | ||
| 005 | 20250410171124.0 | ||
| 008 | 181216s1971||||ge |||||||||||||| ||geo|| | ||
| 040 | _cGE_BSU | ||
| 041 | _ageo | ||
| 080 | _a619.616.1/4(075.8) მ-40 | ||
| 100 |
_aმაღრაძე, პ. _924757 |
||
| 245 |
_aშინაურ ცხოველთა არაგადამდებ დაავადებათა კლინიკური დიაგნოსტიკა : _bსახელმძღვ. ზოოტექნ.-სავეტერინ. ინ-ტის სტუდენტებისათვის / _c პ. მაღრაძე. |
||
| 264 |
_aთბილისი : _bგანათლება, _c1971. |
||
| 300 |
_a446 გვ. : _bილ. ; _c22 სმ. |
||
| 653 | _aშინაური ცხოველების არაგადამდები დაავადებები | ||
| 942 |
_cBK _2udc |
||